000 01328nad a2200361 a 4500
001 MIU01000000000000005549893
003 MiU
005 20231010141113.0
007 cr mnummmmuuuu
008 890905s1989 enka sb 001 0 eng d
020 _z0198227299 :
020 _z0198211392
024 7 _a2027/heb03148
_2hdl
040 _aMiU
_cMiU
090 _aHF3614
_b(INTERNET)
100 1 _aIsrael, Jonathan I.
_q(Jonathan Irvine),
_d1946-
_937406
245 1 0 _aDutch primacy in world trade, 1585-1740
_h[electronic resource] /
_cJonathan I. Israel.
300 _axxi, 462 p. :
_bill. ;
_c23 cm.
500 _aIncludes bibliographical references and index.
651 0 _aNetherlands
_xCommerce
_xHistory.
_937407
651 0 _aNetherlands
_xHistory
_yWars of Independence, 1556-1648.
_937408
651 0 _aNetherlands
_xHistory
_y1648-1795.
_937409
830 0 _aACLS Humanities E-Book.
_937410
856 4 0 _zVolltext
_uhttps://hdl.handle.net/2027/heb03148
942 _cEB
500 _aE-Book-ACLS / Zugriff nur im DHI-Lesesaal
336 _2rdacontent
_btxt
_aText
337 _2rdamedia
_bbc
_aComputermedien
338 _2rdacarrier
_bcr
_aOnline Ressource
264 _aOxford :
_bClarendon Press ;
_cc1989.
041 _aeng
500 _aAmerican Council of Learned Societies/ https://www.humanitiesebook.org/about/
999 _c65410
_d65410